En el centenario del natalicio del eminentísimo señor Cardenal José Garibi Rivera, 1889-1972, el templo Expiatorio, su obra entrañable /

Con motivo del centenario del natalicio del primer cardenal mexicano, el arzobispo de Guadalajara, José Garibi Rivera, se publica esta breve semblanza sobre su vida y obra apostólica, centrada en la labor que sobresale entre las demás, la conclusión del templo Expiatorio de Guadalajara. Se trata de...

Descripción completa

Guardado en:
Detalles Bibliográficos
Autor principal: Díaz Morales, Ignacio (autor)
Formato: Libro
Idioma:Español
Publicado: Guadalajara, México : Templo Expiatorio, 1989
Temas:
Etiquetas: Agrega una etiqueta
Sin etiquetas, Sé el primero en etiquetar este registro!

MARC

LEADER 00000nam^a2200000^a^4500
001 000433428
005 20250526000000.0
009 20260310123041.17
025 |a Donación Luis Octavio Lozano, 1 ejemplar 
037 |a Acervo Xavier Clavigero 
041 |a ESP 
041 |a ESP 
082 |a 720. 97235206  |b DIA 
100 |a Díaz Morales, Ignacio  |e (autor) 
245 1 0 |a En el centenario del natalicio del eminentísimo señor Cardenal José Garibi Rivera, 1889-1972, el templo Expiatorio, su obra entrañable /  |c I. Díaz Morales. 
246 2 |a Título en la cubierta: José Garibi Rivera, 1889-1972, primer cardenal mexicano 
264 1 |a Guadalajara, México :  |b Templo Expiatorio,  |c 1989 
300 |a 32 p. ;  |c 21.0 cm. 
336 |a texto  |b txt  |2 rdacontenido 
337 |a sin mediación  |b n  |2 rdamedio 
338 |a volumen  |b nc  |2 rdasoporte 
520 |a Con motivo del centenario del natalicio del primer cardenal mexicano, el arzobispo de Guadalajara, José Garibi Rivera, se publica esta breve semblanza sobre su vida y obra apostólica, centrada en la labor que sobresale entre las demás, la conclusión del templo Expiatorio de Guadalajara. Se trata de una breve relación sobre el proyecto y la construcción, antes y después de que el cardenal Garibi se hiciera cargo de él. 
545 0 |a El Templo Expiatorio del Santísimo Sacramento, en Guadalajara, es uno de los mejores ejemplos de la arquitectura neogótica del país. De estilo italiano en el exterior y francés en el interior, está construido en cantera tallada y conforme a la técnica medieval, sin estructuras ni en las nervaduras ni en los arcos. La primera piedra del edificio se colocó el 15 de agosto de 1897, según el proyecto original del arquitecto italiano Adamo Boari; luego, con el estallido de la Revolución, la construcción quedó suspendida de 1911 a 1927. Ignacio Díaz Morales, quien en ese momento trabajaba en el despacho del ingeniero Luis Ugarte, se encargó de la dirección y ejecución del proyecto, desde su reanudación en 1927, hasta su conclusión en 1972. El replanteamiento del diseño original, hecho por el arquitecto Díaz Morales, supuso la completa modificación del cuerpo de anexos. El templo posee una planta basilical de tres naves, con una fachada principal que mira hacia el sur por la Calle Madero y se encuentra flanqueda al oriente por Escorza y al poniente por Enrique Díaz de León. En la fachada destacan el hermoso labrado en cantera y las puertas de madera de granadillo con medallones en mármol blanco. Como feliz expresión del neogótico, la belleza de sus vitrales no se agota en sí misma, sino que dota al templo de una iluminación concebida como marco para la espiritualidad; creadas por el francés Maurice Rocher, las vidrieras fueron ejecutadas por Jaques y Gerard Degusseau, de Orleáns. 
649 |a XX 
650 |a Cardenales (Prelados) Jaliscienses 
650 |a Cardenales (Prelados) Mexicanos 
650 |a Religiosos Jaliscienses 
650 |a Religiosos Mexicanos 
650 |a Iglesia Católica en Guadalajara, Jalisco -  |x Historia -  |y Siglo XX 
650 |a Iglesia Católica en Jalisco -  |x Historia -  |y Siglo XX 
650 |a Iglesia Católica en México -  |x Historia -  |y Siglo XX 
650 |a Templo Expiatorio (Guadalajara) -  |x Tema Principal 
650 |a Templos Cristianos -  |z Guadalajara, Jalisco -  |x Tema Principal 
650 |a Templos Cristianos -  |z Jalisco 
650 |a Templos Cristianos -  |z México 
650 |a Arquitectura Religiosa -  |z Guadalajara, Jalisco -  |x Historia y Crítica 
650 |a Arquitectura Neogótica -  |z Guadalajara, Jalisco -  |x Historia y Crítica 
650 |a Arquitectura Romántica e Historicista -  |z Guadalajara, Jalisco -  |x Historia y Crítica 
650 |a Arquitectura Jalisciense -  |x Historia y Crítica 
650 |a Arquitectura Mexicana -  |x Historia y Crítica 
650 |a Arte Religioso -  |z Guadalajara, Jalisco -  |x Historia y Crítica 
650 |a Arte Romántico e Historicista -  |z Guadalajara, Jalisco -  |x Historia y Crítica 
650 |a Arte Jalisciense -  |x Historia y Crítica 
650 |a Arte Mexicano -  |x Historia y Crítica 
650 |a Guadalajara, Jalisco -  |x Descripción 
650 |a Jalisco -  |x Descripción 
650 |a México -  |x Descripción 
650 |a Garibi Rivera, José -  |x Tema Principal 
910 |a Fondo General 
920 |a Impresos - Libros 
930 |a Libros Antiguos y Raros 
905 |a 108 
901 |a 0500350207  |b IT2  |c LRA  |i D2898  |u 20250526 
902 |a https://opac.biblio.iteso.mx/vufind/Record/000433428